000
00306nam a2200121Ia 4500
008
241028s9999 xx 000 0 und d
041
_a
eng
082
_a
519.502 FLO
100
_a
Telsa Floyd
245
_a
Business Statistics
260
_b
Larsen And Keller Education
_a
USA
_c
2019
300
_a
199;. P. 26 cm
999
_c
42783
_d
42783